Introduction to Dhammasangani. (Record no. 32331)

000 -LEADER
fixed length control field 00618nam a22001937a 4500
005 - DATE AND TIME OF LATEST TRANSACTION
control field 20240808213911.0
008 - FIXED-LENGTH DATA ELEMENTS--GENERAL INFORMATION
fixed length control field 240305b ||||| |||| 00| 0 eng d
040 ## - CATALOGING SOURCE
Original cataloging agency SSBUL
Transcribing agency SSBUL
082 ## - DEWEY DECIMAL CLASSIFICATION NUMBER
Edition number 23
Classification number 294.38241
Item number In 21505 S-SAT
130 ## - MAIN ENTRY--UNIFORM TITLE
Uniform title Dhammasangani .
9 (RLIN) 37533
245 00 - TITLE STATEMENT
Title Introduction to Dhammasangani.
260 ## - PUBLICATION, DISTRIBUTION, ETC.
Place of publication, distribution, etc. Yangon :
Name of publisher, distributor, etc. Department for the Promotion and propagation of the Sasana,
Date of publication, distribution, etc. 1996.
300 ## - PHYSICAL DESCRIPTION
Extent 44 pages ;
Dimensions 17 cm.
500 ## - GENERAL NOTE
General note S-SAT: Prof. Sai Aung Tun
General note S-KZN: Prof. Kyaw Zaw Naing
650 ## - SUBJECT ADDED ENTRY--TOPICAL TERM
Topical term or geographic name entry element Abhidhamma Pititka
9 (RLIN) 37534
Topical term or geographic name entry element Dhammasangani
9 (RLIN) 37535
942 ## - ADDED ENTRY ELEMENTS (KOHA)
Source of classification or shelving scheme
Koha item type Book (Short term)
Holdings
Withdrawn status Lost status Source of classification or shelving scheme Damaged status Not for loan Collection code Permanent Location Current Location Shelving location Date acquired Total Checkouts Full call number Barcode Date last seen Price effective from Koha item type Accession
          Special Collections Shan State Buddhist University Library Shan State Buddhist University Library Special Collection Shelves 05/03/2024   294.38241 In 21505 S-SAT EB00021506 05/03/2024 05/03/2024 Book (Short term) 21506 S-SAT
          Special Collections Shan State Buddhist University Library Shan State Buddhist University Library Special Collection Shelves 05/03/2024   294.3824 In 17367(S-KZN) EB00017367 08/08/2024 05/03/2024 Book (Short term) 17367(S-KZN)

Library - 09407999929
Admin Office - 09407999979
Dean Office - 09250910768
Registrar Office - 09892297154
Email - [email protected]
Shan State Buddhist University, Phaya Phyu Taunggyi, Shan State, Myanmar.